00782nam a2200205 a 450000100100000000500170001000800410002704000250006808200170009324501250011026000490023530000210028450000410030550400740034665000450042065000270046570000310049270000250052370000280054800002218720250701132841.0100917s1968 ag r 000 0 spa d aDO-SdBNPbspacBNPHU a338.91bE19c00aEconomía del comercio y desarrollo /ccompilación James D. Theberge ; traducción Jorge Todesca , Aníbal C. Leal. aBuenos Aires, Argentina :bAmorrortu,c1968. a626 p. ;c23 cm. aIncluye bibliografía p. [619-623]. aIncluye referencias bibliográficas y notas al pie de las páginas. 0a Relaciones económicas internacionales 0aDesarrollo económico1 aTheberge, James D.,ecomp.1 aTodesca, Jorge,etr.1 aLeal, Aníbal C.,etr.